The grey king / (Record no. 2656)

MARC details
000 -LEADER
fixed length control field 01076cam a2200313 a 4500
005 - DATE AND TIME OF LATEST TRANSACTION
control field 20241021082140.0
020 ## - INTERNATIONAL STANDARD BOOK NUMBER
International Standard Book Number 9781442412538 (pbk.)
020 ## - INTERNATIONAL STANDARD BOOK NUMBER
International Standard Book Number 9781416949671
040 ## - CATALOGING SOURCE
Original cataloging agency DLC
Transcribing agency DLC
Language of cataloging eng
050 00 - LIBRARY OF CONGRESS CALL NUMBER
Classification number PZ7.C7878
Item number Dar 2010
082 00 - DEWEY DECIMAL CLASSIFICATION NUMBER
Classification number 823.914
Edition number 22
100 1# - MAIN ENTRY--PERSONAL NAME
Personal name Cooper, Susan
Dates associated with a name 1935-
245 14 - TITLE STATEMENT
Title The grey king /
Statement of responsibility, etc. The dark is rising sequence ; Susan Cooper
250 ## - EDITION STATEMENT
Edition statement This Simon Pulse edition May 2007
260 ## - PUBLICATION, DISTRIBUTION, ETC.
Place of publication, distribution, etc. New York :
Name of publisher, distributor, etc. Simon Pulse,
Date of publication, distribution, etc. 1975
300 ## - PHYSICAL DESCRIPTION
Extent 165 pages ;
Dimensions 21cm
490 ## - SERIES STATEMENT
Series statement The dark is rising sequence ;
Volume/sequential designation Book 4
500 ## - GENERAL NOTE
General note Previously published as individual works.
505 0# - FORMATTED CONTENTS NOTE
Formatted contents note U
520 ## - SUMMARY, ETC.
Summary, etc. In this fourth book of The Dark Is Rising sequence, Will Stanton, visiting in Wales, is swept into a desperate quest to find the golden harp and to awaken the ancient Sleepers.
521 1# - TARGET AUDIENCE NOTE
Target audience note 930
Source Lexile
521 1# - TARGET AUDIENCE NOTE
Target audience note U
Source Raz-Plus
650 #1 - SUBJECT ADDED ENTRY--TOPICAL TERM
Topical term or geographic name entry element Fantasy.
650 #1 - SUBJECT ADDED ENTRY--TOPICAL TERM
Topical term or geographic name entry element Good and evil
Form subdivision Fiction.
650 #1 - SUBJECT ADDED ENTRY--TOPICAL TERM
Topical term or geographic name entry element Space and time
Form subdivision Fiction.
906 ## - LOCAL DATA ELEMENT F, LDF (RLIN)
a 7
b cbc
c orignew
d 2
e epcn
f 20
g y-gencatlg
942 ## - ADDED ENTRY ELEMENTS (KOHA)
Source of classification or shelving scheme Dewey Decimal Classification
Koha item type Books
Suppress in OPAC No
999 ## -
-- 2656
-- 2656
Holdings
Withdrawn status Lost status Source of classification or shelving scheme Damaged status Not for loan Collection Home library Current library Shelving location Date acquired Total Checkouts Full call number Barcode Date last seen Price effective from Koha item type Copy number
    Library of Congress Classification     Fiction Footprints International School Library Network Toul Kork Campus Footprints International School Library Network Toul Kork Campus TTP Secondary Fiction Bookshelves 01/08/2024   COO 823.914 PZ7.C7878 FIS03123 01/08/2024 01/08/2024 Books  
    Dewey Decimal Classification     Fiction Footprints International School Library Network Toul Kork Campus Footprints International School Library Network Toul Kork Campus TTP Secondary Fiction Bookshelves 03/12/2024   COO PZ7.C7878 823.914 2024-0305 03/12/2024 03/12/2024 Books 2